<?xml version="1.0" encoding="UTF-8"?><?xml-stylesheet type="text/xsl" href="static/style.xsl"?><OAI-PMH xmlns="http://www.openarchives.org/OAI/2.0/" xmlns:xsi="http://www.w3.org/2001/XMLSchema-instance" xsi:schemaLocation="http://www.openarchives.org/OAI/2.0/ http://www.openarchives.org/OAI/2.0/OAI-PMH.xsd"><responseDate>2026-06-05T12:29:16Z</responseDate><request verb="GetRecord" identifier="oai:riuma.uma.es:10630/40490" metadataPrefix="marc">https://riuma.uma.es/rest/oai/request</request><GetRecord><record><header><identifier>oai:riuma.uma.es:10630/40490</identifier><datestamp>2026-02-03T11:45:50Z</datestamp><setSpec>com_10630_2254</setSpec><setSpec>col_10630_37956</setSpec></header><metadata><record xmlns="http://www.loc.gov/MARC21/slim" xmlns:dcterms="http://purl.org/dc/terms/" xmlns:doc="http://www.lyncode.com/xoai" xmlns:xsi="http://www.w3.org/2001/XMLSchema-instance" xsi:schemaLocation="http://www.loc.gov/MARC21/slim http://www.loc.gov/standards/marcxml/schema/MARC21slim.xsd">
   <leader>00925njm 22002777a 4500</leader>
   <datafield ind2=" " ind1=" " tag="042">
      <subfield code="a">dc</subfield>
   </datafield>
   <datafield ind2=" " ind1=" " tag="720">
      <subfield code="a">Nieto-Jiménez, José Carlos</subfield>
      <subfield code="e">author</subfield>
   </datafield>
   <datafield ind2=" " ind1=" " tag="260">
      <subfield code="c">2025-10-10</subfield>
   </datafield>
   <datafield ind2=" " ind1=" " tag="520">
      <subfield code="a">El libro colectivo objeto de esta recensión recoge las diferentes ponencias que&#xd;
fueron pronunciadas durante la celebración de las III Jornadas Parlamentarias,&#xd;
celebradas en el Congreso de los Diputados los días 16 y 17 de mayo de 2024.&#xd;
Reproduciendo la estructura del acto del que trae causa la obra, esta se divide seis&#xd;
partes, o "mesas".</subfield>
   </datafield>
   <datafield ind1="8" ind2=" " tag="024">
      <subfield code="a">https://hdl.handle.net/10630/40490</subfield>
   </datafield>
   <datafield ind1="8" ind2=" " tag="024">
      <subfield code="a">10.47984/legal.2025.007</subfield>
   </datafield>
   <datafield ind2="0" ind1="0" tag="245">
      <subfield code="a">III Jornadas Parlamentarias: Parlamento y nuevos retos en la gobernanza. Palacio del Congreso de los Diputados, 16 y 17 de mayo de 2024, Madrid: Congreso de los Diputados, 326 páginas [Recensión (2025)]</subfield>
   </datafield>
</record>
</metadata></record></GetRecord></OAI-PMH>